00330nam a2200121Ia 4500008004100000041000800041082001700049100001700066245004400083260004200127300003000169365000900199240624s9999 xx 000 0 und d aeng a658.4092 BRA aBRADT GEORGE aNEW LEADER S 100 DAY ACTION PLAN HOW TO c2006aNew JerseybJohn Wiley and Sons aix, : 230 : p. : cm. ; 24 cb28